000 00748nam a2200241Ia 4500
003 OSt
005 20220923222537.0
006 a|||||r|||| 00| 0
007 ta
008 220922b |||||||| |||| 00| 0 hin d
024 _a205,820
037 _cTextual
040 _aARTS
_cARTS
_bhin
041 _2hin
_ahin
082 _aP:1, 152K2
100 _aजयकुमार
_9156280
245 0 _aध्वनि और ध्वनिग्राम शास्त्र
246 _aDhvani aur dhvanigrām shāstra
260 _aइलाहाबाद
_b त्रिवेणी प्रका0
_c1962
300 _a120पृ.
_ccm.
942 _hP:1, 152K2
_cTEXL
_2CC
999 _c356499
_d356499